Loading...
| Current Events | 1 | 20.00 | 100% | 100% | 0% |
| Fine Arts - Classical Music | 4 | 10.00 | 75% | 25% | 0% |
| Fine Arts - Other | 8 | 11.25 | 88% | 25% | 0% |
| Fine Arts - Painting and Sculpture | 4 | 10.00 | 100% | 0% | 0% |
| Geography | 1 | 10.00 | 100% | 0% | 0% |
| History - American | 6 | 13.33 | 100% | 33% | 0% |
| History - European | 3 | 26.67 | 100% | 100% | 67% |
| History - Other | 3 | 10.00 | 67% | 33% | 0% |
| History - World | 5 | 18.00 | 100% | 80% | 0% |
| Literature - American | 4 | 20.00 | 100% | 75% | 25% |
| Literature - European | 4 | 7.50 | 75% | 0% | 0% |
| Literature - World | 1 | 20.00 | 100% | 100% | 0% |
| Mythology | 2 | 5.00 | 50% | 0% | 0% |
| Philosophy | 4 | 12.50 | 100% | 25% | 0% |
| Pop Culture | 1 | 10.00 | 100% | 0% | 0% |
| Religion | 3 | 10.00 | 100% | 0% | 0% |
| Science - Biology | 4 | 5.00 | 50% | 0% | 0% |
| Science - Chemistry | 2 | 10.00 | 100% | 0% | 0% |
| Science - Other | 1 | 20.00 | 100% | 100% | 0% |
| Science - Physics | 3 | 13.33 | 100% | 33% | 0% |
| Social Science | 6 | 11.67 | 100% | 17% | 0% |